| 000 | 00688cab a2200253 4500 | ||
|---|---|---|---|
| 001 | WB3413-24 | ||
| 008 | 090401t1998 xxu||||| |||| 00| 0 eng d | ||
| 035 | _a(Sirsi) u85371 | ||
| 041 | _aeng | ||
| 245 | _aEMU entry and house prices | ||
| 260 | _c1998 | ||
| 350 | _a0 | ||
| 490 |
_aFinancial Times _v31 March 1998, 3(1) |
||
| 520 | _aPredicts a house price boom if the UK enters the European Monetary Union. | ||
| 650 | _aECU | ||
| 650 | _aEMU | ||
| 650 | _aHOUSE PRICES | ||
| 650 | _aHOUSING MARKET | ||
| 650 | _aINTEREST RATES | ||
| 650 | _aSINGLE CURRENCY | ||
| 690 | _aPROPERTY-RESIDENTIAL PROPERTY-RESIDENTIAL PROPERTY MARKET | ||
| 942 | _n0 | ||
| 948 | _c01/04/1998 | ||
| 999 |
_c53683 _d53683 |
||